| 000 | 00458cas a22002057a 4500 | ||
|---|---|---|---|
| 001 | 93471 | ||
| 003 | UA-OsUOA | ||
| 005 | 20211008105735.0 | ||
| 007 | ta | ||
| 008 | 201301c n ||||| ||n| 00| 0 deng d | ||
| 040 |
_aUA-OsUOA _beng _cUA-OsUOA _dUA-OsUOA |
||
| 041 | _aeng | ||
| 080 | _a32 | ||
| 090 |
_a32 _bK14 |
||
| 245 |
_aKyiv Weekly _ball about Ukraine |
||
| 260 | _aК. | ||
| 650 | 7 |
_a32 Політика _2UDC |
|
| 942 |
_cNP _2udc |
||
| 955 | _a0 | ||
| 999 |
_c378823 _d378823 |
||